000 00495nam a22001577a 4500
003 macl
005 20201216153440.0
008 201216b xxu||||| |||| 00| 0 eng d
040 _cmacl
082 _a920/SHA
100 _aशर्मा , हरीश दत्त
_980791
245 _aसतगुरू नान‍क देव
260 _aदिल्‍ली
_bविद्या विहार प्रकाशन
_c2018
650 _aजीवनी
_97943
942 _2ddc
_cHIN
999 _c64039
_d64039